Регионална библиотека "Любен Каравелов" - Русе

Хроничен косопад (Запис номер 1249)

MARC детайли
000 -Лидер
Контролно поле с фиксирана дължина 01641nam a2200325 c 4500
003 - Код на организацията, давaща контролен номер
Контролно поле BLK
005 - Дата и час на последна редакция
Контролно поле 20200902153531.0
008 - Елементи от данни с фиксирана дължина
fixed length control field 180412b bul|||||r ||||||| ||bul||
010 ## - Наследен системен номер
LC control number KNG00002057000
020 ## - Международен стандартен номер на книга ISBN
Международен стандартен номер на книга ISBN 954-584-080-3
040 ## - Източник на каталожния запис
Идентификатор на билиотеката - собственик на записа BLK
041 ## - Код за език
Код за езика на текст/звукозапис или на отделно заглавие Български
Код за езика КДБФ Български
080 ## - УДК
Текстов определител УДК Болести на различни части на кожата, на космите и ноктите - Фоликулит, хипертрихоза, косопад, алопеция, ненормално окосмяване, трихомикози, трихофитози, хирзутизъм, хипертрихоза и др.
УДК код - определител по УДК 616.59
УДК определител (035)
УДК - код + определител 616.59(035)
100 1# - Редна дума - Автор
Автор Брънинг, Нанси
Авторска отговорност първи автор
R(LIN) 43555
139 ## - Редно поле
Редна дума Брънинг, Нанси
Авторски знак Бръ - Б 83
245 10 - Сведения за заглавието
Заглавие Хроничен косопад
Подзаглавни данни Справочник
Редно поле (дума) Нанси Брънинг; прев. от англ. Стоянка Минчева Сербезова.
257 ## - Страна на издаване
Страна на създаване/издаване Съединени американски щати
260 ## - Област на издателските данни
Име на издателя, разпространителя и проч. Абагар Холдинг
Година на издаване 1994
Печатница В. Търново : Абагар
Място на издаване, разпространение и проч. София
300 ## - Физическа характеристика
Страници 168 с.
Илюстрации и др. с ил.
Размери/Мащаб 18 см
380 ## - Жанр
Жанр Медицина
490 ## - СЕРИИ (Колекции)
Име на серия Малка медицинска библиотека
9 (RLIN) 207280
500 ## - Общи забележки
Забележка Ориг. загл. What you can do about chronis hair loss / Nancy Bruning. - 10 150 тир.
650 #4 - Допълнително описание по предмет – тема
Основно описание – тема или топоним Косопад - справочници
9 (RLIN) 159557
700 1# - Други автори (авторска отговорност)
Лично име Сербезова, Стоянка Минчева
Автороска отговорност (Описва отношението между автора и произведението) прев. от англ.
9 (RLIN) 243864
852 ## - Местоположение
Форматна сигнатура Цб І 27286
Фондова буква Хранилище
856 4# - Електронен адрес и достъп
Електронен формат pdf - файл
Път до файла /url/
856 4# - Електронен адрес и достъп
Електронен формат pdf - файл
Път до файла /url/
999 ## - СИСТЕМНИ КОНТРОЛНИ НОМЕРА
Koha biblionumber 1249
Koha biblioitemnumber 1249
942 ## - АРТИКУЛИ
Вид на библиотечния материал Книги
Скрит в OPAC Не
Периодичен библиозапис Да
944 ## - СЪЗДАВАНЕ И РЕДАКЦИЯ на ЗАПИСА
Създаване/Редакция Създаване
Дата на регистрацията/редакция 15.01.2003
Служител, извършил регистрацията/редакцията Кети_Илиева
944 ## - СЪЗДАВАНЕ И РЕДАКЦИЯ на ЗАПИСА
Създаване/Редакция Редакция
Дата на регистрацията/редакция 02.04.2014
999 ## - СИСТЕМНИ КОНТРОЛНИ НОМЕРА
Koha biblioitemnumber 1249
Наличности
Код за отписване Код за изгубен артикул Източник на класификационната схема Код за повреда Коз за рестрикции Код за отдаване Артикулен № Име на библиотеката - собственик Име на библиотеката, в която се намира в момента Статус (Текущо местоположение) Дата на вписване в системата Местоположение - отдел Цена в лева Инвентарен номер Систематично азбучна сигнатура Баркод Номер на екземпляра Цена в евро Служебна бележка Служебен тип на артикула
  Не е изгубен Universal Decimal Classification Не е повреден само за читалня ползва се в читалня 2485 Регионална библиотека "Любен Каравелов" Русе Регионална библиотека "Любен Каравелов" Русе Хранилище 1994-01-01 Хранилище 0.46 603020 Цб І 27286 120000603020 1 0.24 Вид: Сф Дата: 01.01.1994 Книги
Изтеглен Не е изгубен Universal Decimal Classification Не е повреден без рестрикции заемане за дома 2486 Регионална библиотека "Любен Каравелов" Русе Регионална библиотека "Любен Каравелов" Русе Заемна - подръчен фонд 1994-01-01 Заемна - подръчен фонд 1.00 649802 П 616.5/Б 83 649802 2 0.51 Вид: Сф Дата: 01.01.1994 Дата инв: 05.02.2018 Бележки инв: П2018 Книги
Vip Innovations Ltd, Rousse, Bulgaria 2025